000 00617nam a2200193 i 4500
001 81372
003 ES-MaACL
005 20250831072554.0
007 t|
008 041104s1958 sp ||||1| spa d
100 1 _aHughes, Philip.
_964615
245 1 0 _aSíntesis de la historia de la Iglesia /
_cPhilip Hughes ; [versión castellana por José Mª Balil].
260 _aBarcelona :
_bHerder,
_c1958 (
_fGrafesa)
300 _a371 p. ;
_c20 cm.
650 0 7 _aHistoria eclesiástica
_2embne
_913400
700 1 _aBalil Giró, José María.
_924940
852 _aES-MaACL
_jC-16118
999 _c81372
_d81372